000 00480nam a2200193Ia 4500
005 20240823033010.0
008 240823s9999||||xx |||||||||||||| ||und||
020 _a81-225-0257 -2
041 _aENGLISH
082 _A517 N4
100 _aG N BERMAN
245 2 _aA PROBLEM BOOK IN MATHEMATICAL ANALYSIS
250 _aIst
260 _c1994
_b"CBS Publishers & Distributors,New "
500 _aYES
650 _aMathematics
_bMathematics
942 _cBK
999 _c194770
_d194770